| Tag |
First Indicator |
Second Indicator |
Subfields |
| LEADER |
00000cam a22000001 4500 |
| 001 |
in00000048038 |
| 005 |
20151007065515.0 |
| 008 |
720107s1964 njua b 10000 eng |
| 010 |
|
|
|a 64019701
|
| 035 |
|
|
|a (OCoLC)00326222
|
| 035 |
|
|
|9 AAE2133AM
|
| 040 |
|
|
|a DLC
|c DLC
|d MCL
|d OCL
|d TXA
|d UtOrBLW
|
| 049 |
|
|
|a TXAM
|c [406744]
|
| 050 |
0 |
0 |
|a QH601
|b .S6
|
| 082 |
0 |
|
|a 574.875
|
| 092 |
|
|
|a 574.875
|b S678c, 1964
|
| 096 |
|
|
|a QH581 S678ce 1963
|
| 110 |
2 |
|
|a Society of General Physiologists.
|
| 245 |
1 |
4 |
|a The cellular functions of membrane transport /
|c Joseph F. Hoffman, editor.
|
| 264 |
|
1 |
|a Englewood Cliffs, N.J. :
|b Prentice-Hall,
|c [1964]
|
| 300 |
|
|
|a viii, 291 pages :
|b illustrations ;
|c 24 cm.
|
| 336 |
|
|
|a text
|b txt
|2 rdacontent
|
| 337 |
|
|
|a unmediated
|b n
|2 rdamedia
|
| 338 |
|
|
|a volume
|b nc
|2 rdacarrier
|
| 500 |
|
|
|a "A symposium held under the auspices of the Society of General Physiologists at its annual meeting at the Marine Biological Laboratory, Woods Hole, Massachusetts, September 4-7, 1963."
|
| 504 |
|
|
|a Includes bibliographies.
|
| 650 |
|
0 |
|a Membranes (Biology)
|
| 650 |
|
0 |
|a Biological transport.
|
| 700 |
1 |
|
|a Hoffman, Joseph F.
|
| 710 |
2 |
|
|a Marine Biological Laboratory (Woods Hole, Mass.)
|
| 999 |
|
|
|a MARS
|
| 999 |
f |
f |
|s a33716cf-0a5f-3908-b766-b550e3d36cab
|i d71dc50b-d268-3eed-b456-131a1273af7d
|t 0
|
| 952 |
f |
f |
|p ric
|a Texas A&M University
|b Rellis Campus
|c Joint Library Facility
|d Remote Storage
|t 0
|e QH601 .S6
|h Library of Congress classification
|i unmediated -- volume
|m A14800975197
|
| 998 |
f |
f |
|a QH601 .S6
|t 0
|l Remote Storage
|